000 00611nam a2200205 i 4500
001 13437
003 ES-MaACL
005 20250804062729.0
007 t|
008 980317s1991 sp |||| | spa d
080 _a101.9(04)
100 1 _aParís, Carlos,
_d1925-2014
_989133
245 1 0 _aMi visión del filosofar /
_cCarlos París.
260 _a[Madrid :
_bAnuario del Departamento de Filosofía, Universidad Autónoma de Madrid,
_c1991]
300 _aP.135-150 ;
_c24 cm.
650 1 7 _aFilosofía
_2embne
_912802
852 _aES-MaACL
_j2141-F-18
942 _2udc
999 _c13437
_d13437